[Event "World Blitz 2023"]
[Site "Samarkand UZB"]
[Date "2023.12.30"]
[Round "19.68"]
[White "Xue, Haowen"]
[Black "Shogdzhiev, Roman"]
[Result "1-0"]
[WhiteElo "2155"]
[BlackElo "2117"]
[EventDate "2023.12.29"]

1. c4 c6 2. e4 d5 3. exd5 cxd5 4. cxd5 Nf6 5. Nc3 g6 6. Nf3 Bg7 7. Bc4 O-O
8. O-O Nbd7 9. Re1 Nb6 10. Bb3 Nbxd5 11. d4 b6 12. Ne5 Bb7 13. Qf3 Rb8 14.
Qd3 e6 15. Bg5 h6 16. Bd2 Kh7 17. Rad1 Rc8 18. h3 Ne7 19. Bc2 Nfd5 20. Ne4
Nf5 21. a3 Nfe7 22. Bb1 Qc7 23. h4 Kh8 24. h5 f5 25. Ng3 g5 26. Nf1 Rcd8
27. Rc1 Qb8 28. Qe2 Nf6 29. Ng6+ Nxg6 30. hxg6 Ne4 31. Bb4 Rfe8 32. Rcd1
Rxd4 33. Rxd4 Bxd4 34. Bxe4 Bxe4 35. Rd1 e5 36. Qh5 Kg7 37. Ne3 Qc7 38. Kh1
Bxe3 39. fxe3 Rd8 40. Rf1 Qc2 41. Rg1 Qc7 42. Bc3 Re8 43. Rd1 Re6 44. Kg1
Qe7 45. g4 f4 46. exf4 Bxg6 47. Qh2 Qc5+ 48. Kf1 Qc4+ 49. Ke1 Qe4+ 50. Kf2
gxf4 51. Re1 Qd5 52. Kg1 Kh7 53. Qh4 Qc5+ 54. Kh2 Qc7 55. Rd1 f3 56. Qg3
1-0

[Event "World Blitz 2023"]
[Site "Samarkand UZB"]
[Date "2023.12.30"]
[Round "19.69"]
[White "Botiraliev, Abdumajid"]
[Black "Oro, Faustino"]
[Result "0-1"]
[WhiteElo "1515"]
[BlackElo "2105"]
[EventDate "2023.12.29"]

1. e4 e5 2. Nf3 Nf6 3. Nxe5 d6 4. Nc4 Nxe4 5. Qe2 Qe7 6. Ne3 c6 7. d3 Nf6
8. g3 h5 9. h3 g6 10. Bg2 Bg7 11. Nd2 O-O 12. O-O d5 13. Qd1 Re8 14. Nf3
Nbd7 15. Bd2 Ne5 16. Bc3 Nfd7 17. Nh2 Nf8 18. Re1 Qd8 19. Bd2 Ne6 20. f4
Nd7 21. Rb1 Nec5 22. Kh1 Nf6 23. Nf3 Ne6 24. c3 d4 25. cxd4 Nxd4 26. Ne5
Nd7 27. N3c4 Nxe5 28. fxe5 Be6 29. Nd6 Re7 30. Bg5 Nf5 31. Nxf5 Bxf5 32.
Bxe7 Qxe7 33. Qe2 Rd8 34. Rbd1 Rd4 35. Kh2 Bh6 36. Qf2 c5 37. Be4 Be6 38.
b3 b6 39. Bg2 h4 40. g4 Bf4+ 41. Kh1 Bg3 42. Qe3 Bxe1 43. Rxe1 b5 44. Rf1
Bd5 45. Bxd5 Rxd5 46. e6 Qxe6 47. Qf4 Rxd3 48. Rf2 Rxh3+ 49. Kg2 Rg3+ 50.
Kh2 Rxg4 51. Qb8+ Kg7 52. Qc7 c4 53. bxc4 bxc4 54. Rd2 Qe3 55. Rc2 Qg1+ 56.
Kh3 Re4 57. Rh2 Qg4# 0-1

[Event "World Blitz 2023"]
[Site "Samarkand UZB"]
[Date "2023.12.30"]
[Round "19.70"]
[White "Turayev, Shahruh"]
[Black "Akhmedov, David"]
[Result "0-1"]
[WhiteElo "2168"]
[BlackElo "2154"]
[EventDate "2023.12.29"]

1. e4 c5 2. Nc3 Nc6 3. Bb5 Nd4 4. Bc4 e6 5. Nge2 Nc6 6. O-O Nf6 7. d3 Be7
8. Bb3 a6 9. a4 O-O 10. Bg5 d6 11. f4 Rb8 12. Qe1 h6 13. Bh4 b5 14. axb5
axb5 15. Kh1 Bd7 16. f5 Ne5 17. fxe6 fxe6 18. Bg3 Rc8 19. d4 Nc4 20. Bxc4
bxc4 21. e5 dxe5 22. dxe5 Ng4 23. Nf4 Rf5 24. Ng6 Rxf1+ 25. Qxf1 Ne3 26.
Qe2 Bg5 27. Bf4 Nf5 28. Qxc4 Qe8 29. Bxg5 hxg5 30. Ra7 Rd8 31. g4 Qxg6 32.
gxf5 Bc6+ 33. Kg1 Qxf5 34. Qe2 g4 35. Ra1 Bf3 36. Qe3 Qxc2 37. Qf2 Qxf2+
38. Kxf2 Rd2+ 39. Kg3 Rg2+ 40. Kf4 Rxh2 41. Na4 Rh5 42. Nxc5 Rf5+ 43. Kg3
Rxe5 44. b4 Re3 45. Kf4 Rc3 46. Ra7 Rc4+ 47. Ke5 g3 48. Nxe6 Rg4 49. Ra1 g2
50. Rg1 Re4+ 51. Kf5 Rxb4 52. Nf4 Rb5+ 53. Kg6 Be4# 0-1

[Event "World Blitz 2023"]
[Site "Samarkand UZB"]
[Date "2023.12.30"]
[Round "19.71"]
[White "Zilka, Stepan"]
[Black "Sklokin, Sergey"]
[Result "1/2-1/2"]
[WhiteElo "2494"]
[BlackElo "1995"]
[EventDate "2023.12.29"]

1. d4 d5 2. c4 e6 3. Nf3 c5 4. cxd5 exd5 5. g3 Nc6 6. Bg2 Nf6 7. O-O Be7 8.
dxc5 Bxc5 9. Bg5 O-O 10. Nc3 d4 11. Bxf6 Qxf6 12. Ne4 Qe7 13. Nxc5 Qxc5 14.
Rc1 Qb6 15. Qd2 h6 16. a3 Be6 17. b4 Rfd8 18. Rc5 a5 19. Ne5 Nxe5 20. Rxe5
axb4 21. Qxb4 Qxb4 22. axb4 Ra2 23. Rb1 b6 24. Bf3 g6 25. Rc1 Kg7 26. Rc7
Bh3 27. Rc1 d3 28. exd3 Rxd3 29. Bg2 Bxg2 30. Kxg2 Rdd2 31. Rf1 Rab2 32.
Rb5 Rd6 33. h4 h5 34. Re1 Rc2 35. Re4 f5 36. Re7+ Kh6 37. Re1 Kg7 38. Re7+
Kh6 39. Re1 1/2-1/2

[Event "World Blitz 2023"]
[Site "Samarkand UZB"]
[Date "2023.12.30"]
[Round "19.72"]
[White "Khusenkhojaev, Mustafokhuja"]
[Black "Song, Raymond"]
[Result "1-0"]
[WhiteElo "2082"]
[BlackElo "2383"]
[EventDate "2023.12.29"]

1. d4 Nf6 2. c4 e6 3. g3 d5 4. Nf3 Bb4+ 5. Bd2 Be7 6. Bg2 O-O 7. Qc2 Nbd7
8. O-O c6 9. Rd1 b6 10. b3 h6 11. Bc3 Bb7 12. Nbd2 Qc7 13. Rac1 Rac8 14. e4
dxe4 15. Nxe4 c5 16. Ne5 Nxe4 17. Bxe4 Bxe4 18. Qxe4 Nf6 19. Qe2 Rfd8 20.
Rc2 cxd4 21. Bxd4 Bc5 22. Rcd2 Bxd4 23. Rxd4 Rxd4 24. Rxd4 Rd8 25. Qd3 Rxd4
26. Qxd4 Kf8 27. h4 Ke7 28. b4 Ne8 29. c5 Nf6 30. c6 Nd5 31. b5 f6 32. Ng6+
Ke8 33. Nf4 Nxf4 34. Qxf4 e5 35. Qc4 Ke7 36. Qg8 Kd6 37. a4 Kc5 38. Qe8 Kd6
39. Qf8+ Kd5 40. h5 Ke6 41. Qe8+ Kd6 42. g4 a6 43. Qf8+ Kd5 44. Qe8 Kd6 45.
Kg2 axb5 46. axb5 Qa7 47. Qd8+ Kc5 48. c7 1-0

[Event "World Blitz 2023"]
[Site "Samarkand UZB"]
[Date "2023.12.30"]
[Round "19.73"]
[White "Xie, Felix"]
[Black "Kuziev, Miraziz"]
[Result "0-1"]
[WhiteElo "2107"]
[BlackElo "2196"]
[EventDate "2023.12.29"]

1. Nf3 Nf6 2. b3 g6 3. Bb2 Bg7 4. g3 d5 5. c4 dxc4 6. bxc4 c5 7. Bg2 O-O 8.
O-O Nc6 9. d3 Bd7 10. Nc3 Qc8 11. Re1 Bh3 12. Bh1 Rd8 13. Qc1 h6 14. Rb1
Nd4 15. Ba3 b6 16. Rd1 Rb8 17. e3 Nxf3+ 18. Bxf3 Bg4 19. Bxg4 Qxg4 20. Qc2
Qh3 21. f3 h5 22. Bb2 h4 23. Qg2 Qe6 24. Ne4 Nxe4 25. fxe4 Bxb2 26. Rxb2
Qe5 27. Rbd2 hxg3 28. Qxg3 Qc3 0-1

[Event "World Blitz 2023"]
[Site "Samarkand UZB"]
[Date "2023.12.30"]
[Round "19.74"]
[White "Tregubenko, Nikolay"]
[Black "Kuandykuly, Danis"]
[Result "0-1"]
[WhiteElo "1955"]
[BlackElo "1718"]
[EventDate "2023.12.29"]

1. e4 c5 2. Nf3 d6 3. d4 cxd4 4. Nxd4 Nf6 5. Nc3 Nc6 6. Bg5 Bd7 7. Qd2 a6
8. O-O-O e6 9. f4 Be7 10. Bxf6 Bxf6 11. Nf3 Be7 12. Bc4 b5 13. Bb3 Qc7 14.
f5 b4 15. Ne2 e5 16. g4 a5 17. Kb1 a4 18. Bd5 b3 19. cxb3 axb3 20. a3 Qb6
21. g5 f6 22. h4 Rc8 23. Rc1 Na5 24. Rxc8+ Bxc8 25. h5 h6 26. gxh6 Rxh6 27.
Nc3 Ba6 28. Be6 Nc4 29. Bxc4 Bxc4 30. Nd5 Qb7 31. Rg1 Kf8 32. Qg2 Bd8 33.
Nc3 Bd3+ 34. Ka1 Ba5 35. Qd2 Qa6 36. Rd1 Bc4 37. Rh1 Ke7 38. Nh4 Kf7 39.
Ng6 Qc6 40. Rd1 Rxh5 41. Qe3 Bb6 42. Qf3 Rh6 43. Rc1 0-1

[Event "World Blitz 2023"]
[Site "Samarkand UZB"]
[Date "2023.12.30"]
[Round "19.75"]
[White "Nafri, Khalil"]
[Black "Wanyama, Harold"]
[Result "0-1"]
[WhiteElo "2151"]
[BlackElo "2228"]
[EventDate "2023.12.29"]

1. e4 c5 2. Nf3 e6 3. d4 cxd4 4. Nxd4 Nc6 5. Nc3 Qc7 6. Be3 Nf6 7. a3 a6 8.
Be2 b5 9. O-O Bb7 10. f4 d6 11. Bf3 Na5 12. Qe2 Nc4 13. Rad1 Nxb2 14. Ncxb5
axb5 15. Qxb5+ Qd7 16. Qxb2 Bxe4 17. Bxe4 Nxe4 18. f5 e5 19. Nf3 Qc6 20.
Rfe1 Be7 21. Nxe5 dxe5 22. Qxe5 f6 23. Qd4 Rd8 24. Qb2 O-O 25. Qb3+ 0-1

[Event "World Blitz 2023"]
[Site "Samarkand UZB"]
[Date "2023.12.30"]
[Round "19.76"]
[White "Amangeldy, Ernur"]
[Black "Yonal, Timur"]
[Result "1/2-1/2"]
[WhiteElo "2144"]
[BlackElo "1862"]
[EventDate "2023.12.29"]

1. d4 d5 2. Nc3 Nf6 3. Bf4 e6 4. e3 Bd6 5. Nf3 O-O 6. Bd3 c5 7. dxc5 Bxc5
8. O-O Nc6 9. e4 dxe4 10. Nxe4 Nxe4 11. Bxe4 f6 12. Qe2 Qe7 13. Rfd1 e5 14.
Be3 Bxe3 15. Qxe3 Be6 16. Bxc6 bxc6 17. b3 Rfd8 18. a4 Kf7 19. Qe4 Bd5 20.
Qe3 Be6 21. h3 Kg8 22. a5 Rd5 23. c4 Rd7 24. Rxd7 Qxd7 25. Nd2 Rd8 26. Ne4
Bf7 27. Nc5 Qd2 28. Qxd2 Rxd2 29. Kf1 Kf8 30. Ke1 Rd4 31. Rd1 Rxd1+ 32.
Kxd1 Ke7 33. Kd2 f5 34. Kc3 Kd6 35. b4 g5 36. f3 h5 37. Na4 Be8 38. Nb2 h4
39. Nd1 Bd7 40. Ne3 Ke6 41. Kd3 Bc8 42. Nf1 Bd7 43. Nd2 Kd6 44. Nb1 Be8 45.
Nc3 Bf7 46. Nd1 Bh5 47. Ne3 Bg6 48. Nf1 Bf7 49. Nd2 Be8 50. Ke3 Bd7 51. Nb3
Be8 52. Nc5 Bg6 53. Na4 Bf7 54. Kd3 Be8 55. Nc3 Bf7 1/2-1/2

[Event "World Blitz 2023"]
[Site "Samarkand UZB"]
[Date "2023.12.30"]
[Round "19.77"]
[White "Harutyunyan, Tigran K."]
[Black "Bogdan, David"]
[Result "1-0"]
[WhiteElo "2407"]
[BlackElo "1880"]
[EventDate "2023.12.29"]

1. c4 e5 2. Nc3 Nf6 3. Nf3 Nc6 4. e4 Bc5 5. Nxe5 Nxe5 6. d4 Bxd4 7. Qxd4
Nc6 8. Qd2 O-O 9. Be2 Re8 10. f3 d6 11. O-O Be6 12. b3 a6 13. Bb2 Ne5 14.
Nd5 Bxd5 15. cxd5 Qd7 16. Rac1 Rac8 17. Qg5 Qe7 18. Qd2 h6 19. Rfe1 Qd7 20.
Bf1 Qe7 21. f4 Ng6 22. e5 dxe5 23. fxe5 Ng4 24. d6 Qd7 25. Qa5 cxd6 26.
Rxc8 Rxc8 27. e6 fxe6 28. Qh5 Qc7 29. Qxg4 Qb6+ 30. Bd4 Qd8 31. Qxg6 e5 32.
Be3 Rc2 1-0

[Event "World Blitz 2023"]
[Site "Samarkand UZB"]
[Date "2023.12.30"]
[Round "20.1"]
[White "Murzin, Volodar"]
[Black "Carlsen, Magnus"]
[Result "1/2-1/2"]
[WhiteElo "2591"]
[BlackElo "2887"]
[EventDate "2023.12.29"]

1. d4 d5 2. Nf3 Nf6 3. Bf4 Bf5 4. e3 e6 5. Bd3 Bg6 6. O-O Be7 7. c4 dxc4 8.
Bxc4 O-O 9. Nc3 Nbd7 10. Rc1 c6 11. Ne5 Nxe5 12. Bxe5 Nd7 13. Bg3 Nb6 14.
Bb3 a5 15. Bc2 Bd6 16. Bxg6 hxg6 17. Bxd6 Qxd6 18. Qb3 Qb4 19. Ne4 Qxb3 20.
axb3 Nd5 21. Ra1 b6 22. Rfc1 Rfc8 23. Nd6 Rc7 24. Nc4 Rb8 25. h4 c5 26.
dxc5 Rxc5 27. Nd6 Rxc1+ 28. Rxc1 Nf6 29. Rc7 Ne8 30. Nxe8 Rxe8 31. Rb7 Rd8
32. Rxb6 Rd1+ 33. Kh2 Rd2 34. Kg3 Rxb2 35. Ra6 Rxb3 36. Rxa5 1/2-1/2

[Event "World Blitz 2023"]
[Site "Samarkand UZB"]
[Date "2023.12.30"]
[Round "20.3"]
[White "Sarana, Alexey"]
[Black "Artemiev, Vladislav"]
[Result "1/2-1/2"]
[WhiteElo "2707"]
[BlackElo "2799"]
[EventDate "2023.12.29"]

1. d4 Nf6 2. c4 e6 3. Nc3 Bb4 4. e3 O-O 5. Bd3 Re8 6. Ne2 d5 7. a3 Bf8 8.
b4 c6 9. O-O b6 10. e4 dxe4 11. Nxe4 Nbd7 12. Bf4 e5 13. Bg5 h6 14. Bh4
exd4 15. Nxf6+ Nxf6 16. Nxd4 c5 17. bxc5 Bxc5 18. Nb3 Bg4 19. Qc2 g5 20.
Bg3 Nh5 21. Nxc5 bxc5 22. Be4 Nxg3 23. hxg3 Rb8 24. Bd5 Qf6 25. Qa4 Re7 26.
Qa5 Qd4 27. Qa6 Rb6 28. Qa5 Kg7 29. Kh2 Be2 30. Rfb1 Qxf2 31. Rxb6 axb6 32.
Qxb6 Re3 33. Qc7 h5 34. Rb1 h4 35. gxh4 g4 36. Kh1 Bd3 37. Rd1 Qxh4+ 38.
Qh2 Re1+ 39. Rxe1 Qxe1+ 40. Qg1 Qh4+ 41. Qh2 Qe1+ 42. Qg1 Qh4+ 43. Qh2 Qe1+
1/2-1/2

[Event "World Blitz 2023"]
[Site "Samarkand UZB"]
[Date "2023.12.30"]
[Round "20.4"]
[White "Indjic, Aleksandar"]
[Black "Vachier-Lagrave, Maxime"]
[Result "0-1"]
[WhiteElo "2631"]
[BlackElo "2748"]
[EventDate "2023.12.29"]

1. d4 Nf6 2. c4 g6 3. Nc3 d5 4. Nf3 Bg7 5. h4 dxc4 6. e4 c5 7. d5 b5 8. h5
Nxh5 9. Nxb5 O-O 10. Bxc4 Bg4 11. Kf1 Nd7 12. Be2 Qb8 13. Rh4 Nhf6 14. Nc3
h5 15. Ng5 Bxe2+ 16. Qxe2 Ng4 17. f3 Nge5 18. f4 Ng4 19. e5 f6 20. exf6
Bxf6 21. Rxg4 hxg4 22. Ne6 Rf7 23. Qxg4 Nf8 24. Ne4 Qb5+ 25. Kf2 Qd3 26.
Qf3 Bd4+ 27. Kg3 Qxf3+ 28. Kxf3 Nxe6 29. dxe6 Rff8 30. Be3 Rab8 31. Bxd4
cxd4 32. b3 Rb6 33. Ng5 d3 34. Rd1 Rd8 35. Ke3 Ra6 36. Rd2 Kg7 37. g3 Rad6
38. Kf3 Rc6 39. Nf7 Rd5 40. Ke4 Ra5 41. Ne5 Rxe6 42. Rxd3 Rxa2 43. Rd7 a5
44. Rb7 a4 45. bxa4 Rxa4+ 46. Kf3 g5 47. Rb5 gxf4 48. gxf4 Rf6 49. Nd3 Ra3
50. Ke4 Rd6 51. Ne5 Ra4+ 52. Ke3 Rdd4 53. Nd3 Re4+ 54. Kf3 Rec4 55. Rd5 Rc3
56. Kg4 Raa3 57. Ne5 Kf6 58. Nd7+ Ke6 59. Rd2 Rg3+ 60. Kh5 Rh3+ 0-1

[Event "World Blitz 2023"]
[Site "Samarkand UZB"]
[Date "2023.12.30"]
[Round "20.7"]
[White "Caruana, Fabiano"]
[Black "Svidler, Peter"]
[Result "1-0"]
[WhiteElo "2815"]
[BlackElo "2689"]
[EventDate "2023.12.29"]

1. e4 c5 2. Nf3 d6 3. d4 cxd4 4. Nxd4 Nf6 5. Nc3 a6 6. f3 Qb6 7. a3 Nc6 8.
Be3 e6 9. Bc4 Qc7 10. Qe2 Bd7 11. Nxc6 Bxc6 12. O-O-O b5 13. Bb3 Be7 14. g4
Rb8 15. Kb1 Nd7 16. Bd4 O-O 17. Nd5 Bxd5 18. exd5 e5 19. Be3 a5 20. c3 Nc5
21. Bxc5 Qxc5 22. h4 Bd8 23. g5 Bb6 24. Rhf1 b4 25. cxb4 axb4 26. a4 Qe3
27. Qxe3 Bxe3 28. Rfe1 Bc5 29. Re4 f5 30. Rc4 Rfc8 31. h5 Kf7 32. Ka2 Ke7
33. Bc2 g6 34. Rh1 Kf7 35. hxg6+ Kxg6 36. Rch4 Rf8 37. Rxh7 Kxg5 38. R1h4
Bf2 39. R7h5+ Kg6 40. Rh6+ Kg5 41. R4h5+ Kf4 42. Rxd6 b3+ 43. Bxb3 Kxf3 44.
Rc6 e4 45. d6 e3 46. Bd1+ Kg3 47. d7 Rbd8 48. Rh7 Rg8 49. a5 f4 50. Rf7 Be1
51. a6 Rg5 52. Rc8 Ba5 53. a7 1-0

[Event "World Blitz 2023"]
[Site "Samarkand UZB"]
[Date "2023.12.30"]
[Round "20.8"]
[White "Yu, Yangyi"]
[Black "Praggnanandhaa, R"]
[Result "1/2-1/2"]
[WhiteElo "2762"]
[BlackElo "2665"]
[EventDate "2023.12.29"]

1. e4 e5 2. Nf3 Nc6 3. Bb5 a6 4. Ba4 d6 5. c3 Bd7 6. O-O g6 7. d4 Bg7 8.
Be3 Nf6 9. Nbd2 O-O 10. h3 Qe8 11. Bc2 a5 12. Re1 a4 13. a3 b5 14. Bd3 Rb8
15. Qc2 Qe7 16. Rad1 Na5 17. Nf1 c5 18. Ng3 cxd4 19. cxd4 Rfc8 20. Qe2 Nc4
21. Bc1 h6 22. dxe5 dxe5 23. Nf1 Nh5 24. Bxc4 bxc4 25. Qc2 Nf4 26. Bxf4
exf4 27. e5 Bf5 28. Qc1 Bd3 29. N1d2 Qb7 30. Nf1 Qxb2 31. Qxf4 Qxa3 32. e6
Qe7 33. Ne5 fxe6 34. Nxd3 cxd3 35. Qxa4 Rd8 36. Qe4 Rb2 37. Rxd3 Rxd3 38.
Qxd3 Qf7 39. Re2 Rxe2 40. Qxe2 Bd4 41. Nd2 Kh7 42. Nf3 Bf6 43. Qe4 Qd7 44.
Qc2 Kg7 45. Nd2 Be5 46. Ne4 Qc7 47. Qb1 Bf4 48. g3 Qc1+ 49. Qxc1 Bxc1 50.
Kf1 Bb2 51. Ke2 e5 52. Kd3 Kf7 53. Kc4 Ke6 54. f3 Bd4 55. Nd2 Bf2 56. Ne4
Be3 57. Kd3 Bb6 58. Nc3 Bf2 59. g4 h5 60. Ke4 hxg4 61. fxg4 Bg3 62. Nd5 Bh4
63. Nc7+ Kf6 64. Nb5 Bg3 65. Nd6 Kg5 66. Kf3 Bf4 67. Ne4+ Kh4 68. Kg2 Be3
69. Nd6 Bf4 70. Ne4 Be3 71. Nc3 Bf4 72. Nd5 Bg5 73. Nc3 Bf4 74. Ne2 Kg5 75.
Kf3 Kh4 76. Kg2 Kg5 77. Nc3 Kh4 78. Ne4 Be3 79. Nc3 Bf4 80. Ne4 1/2-1/2

[Event "World Blitz 2023"]
[Site "Samarkand UZB"]
[Date "2023.12.30"]
[Round "20.9"]
[White "Rapport, Richard"]
[Black "Tomashevsky, Evgeny"]
[Result "1-0"]
[WhiteElo "2748"]
[BlackElo "2663"]
[EventDate "2023.12.29"]

1. Nc3 d5 2. e4 dxe4 3. Nxe4 Nc6 4. Nf3 Bf5 5. Ng3 Bg4 6. c3 e5 7. h3 Bxf3
8. Qxf3 Bd6 9. Bc4 Qf6 10. Qe2 Nge7 11. O-O O-O 12. b4 Ng6 13. Ne4 Qf5 14.
d3 Rad8 15. Qg4 Qxg4 16. hxg4 Nf4 17. Be3 b6 18. g3 Ng6 19. Kg2 a5 20. a3
axb4 21. axb4 Nce7 22. Ra7 Nc6 23. Ra2 Nce7 24. Rfa1 h6 25. Ra7 Nc6 26. Rb7
Rb8 27. Nxd6 cxd6 28. Rxb6 Nge7 29. b5 d5 30. Rxb8 Rxb8 31. Bxd5 Rxb5 32.
Be4 Rb8 33. Bc5 Rc8 34. d4 exd4 35. cxd4 Ng6 36. Bf5 Rd8 37. Bb6 Rb8 38.
Bc5 Nce7 39. Be4 Rd8 40. Ra6 Nd5 41. Bxg6 fxg6 42. Rxg6 Kf7 43. Ra6 Rb8 44.
Ra7+ Kg6 45. Bd6 Rb2 46. Be5 Nf6 47. Ra6 Rd2 48. Kf3 Kf7 49. Ke3 Rb2 50.
Bxf6 gxf6 51. Ra7+ Kg6 52. f4 h5 53. gxh5+ Kxh5 54. Rg7 Kh6 55. Rg8 Kh7 56.
Rg4 Rb5 57. Kd3 Ra5 58. Kc4 Ra8 59. Kd5 Rd8+ 60. Ke6 Rxd4 61. Kxf6 1-0

[Event "World Blitz 2023"]
[Site "Samarkand UZB"]
[Date "2023.12.30"]
[Round "20.10"]
[White "Andreikin, Dmitry"]
[Black "Radjabov, Teimour"]
[Result "1-0"]
[WhiteElo "2741"]
[BlackElo "2664"]
[EventDate "2023.12.29"]

1. d4 d5 2. c4 e6 3. Nf3 Nf6 4. Bg5 Be7 5. e3 O-O 6. Qc2 h6 7. Bxf6 Bxf6 8.
h4 c5 9. g4 g6 10. g5 hxg5 11. hxg5 Bg7 12. Nc3 cxd4 13. exd4 Nc6 14. O-O-O
Bd7 15. Kb1 Re8 16. Rh4 Rc8 17. Qd2 Qa5 18. c5 b6 19. Bb5 bxc5 20. Bxc6
Bxc6 21. Rdh1 cxd4 22. Qf4 Rb8 23. Qf6 1-0

[Event "World Blitz 2023"]
[Site "Samarkand UZB"]
[Date "2023.12.30"]
[Round "20.11"]
[White "Aravindh, Chithambaram Vr."]
[Black "Mamedyarov, Shakhriyar"]
[Result "1-0"]
[WhiteElo "2584"]
[BlackElo "2716"]
[EventDate "2023.12.29"]

1. d4 Nf6 2. Nf3 g6 3. g3 Bg7 4. Bg2 O-O 5. O-O d6 6. Nc3 d5 7. Re1 a6 8.
e4 dxe4 9. Nxe4 Nxe4 10. Rxe4 Bf5 11. Re1 Nc6 12. c3 Qd7 13. Bf4 Rad8 14.
Qb3 b6 15. Nh4 Be6 16. Rxe6 Na5 17. Qd1 Qxe6 18. Bxc7 Rc8 19. Bf4 Nc4 20.
Qc2 b5 21. Nf3 Qf5 22. Qe2 Rfe8 23. Re1 a5 24. Ng5 Qf6 25. Ne4 Qb6 26. b3
e5 27. bxc4 exf4 28. c5 Qd8 29. Qd1 b4 30. Nd6 Rxe1+ 31. Qxe1 Rc7 32. cxb4
Bxd4 33. Qe4 Bc3 34. Qxf4 Bxb4 35. Bd5 Qf8 36. Nxf7 Bxc5 37. Qxc7 1-0

[Event "World Blitz 2023"]
[Site "Samarkand UZB"]
[Date "2023.12.30"]
[Round "20.12"]
[White "Daneshvar, Bardiya"]
[Black "Nihal, Sarin"]
[Result "1-0"]
[WhiteElo "2483"]
[BlackElo "2689"]
[EventDate "2023.12.29"]

1. Nf3 d5 2. g3 Nd7 3. d4 Nb6 4. Nc3 Bf5 5. Nh4 Bg4 6. h3 Bh5 7. g4 e6 8.
Ng2 Bg6 9. Nf4 Bd6 10. Nxg6 hxg6 11. Bg2 Bb4 12. Qd3 Nf6 13. Qb5+ Nfd7 14.
Qxb4 a5 15. Qb5 Nc4 16. Qb3 O-O 17. e3 c5 18. Ne2 b5 19. Qd3 Rc8 20. b3 Nd6
21. O-O Qh4 22. c3 g5 23. Ng3 b4 24. cxb4 c4 25. bxc4 dxc4 26. Qa3 Nb5 27.
Qxa5 Nc3 28. Qa3 Nd5 29. e4 Nf4 30. Bxf4 gxf4 31. Ne2 e5 32. dxe5 Qg5 33.
Qf3 Nxe5 34. Qxf4 Qe7 35. Nc3 Nd3 36. Nd5 Qb7 37. Qg3 Rfe8 38. g5 Re6 39.
Rad1 Qa7 40. Rd2 g6 41. Qh4 Qd4 42. Nf6+ Rxf6 43. gxf6 Rc6 44. Rfd1 Rxf6
45. Rxd3 cxd3 46. Rxd3 Qa1+ 47. Bf1 Kg7 48. Qg3 Qxa2 49. Rf3 Rb6 50. Qe5+
Kg8 51. Qd4 Rb7 52. Qd5 Qa7 53. Qd8+ Kh7 54. Bc4 g5 55. Qf6 Rxb4 56. Qxf7+
1-0

[Event "World Blitz 2023"]
[Site "Samarkand UZB"]
[Date "2023.12.30"]
[Round "20.13"]
[White "Petrosian, Tigran L."]
[Black "Lazavik, Denis"]
[Result "0-1"]
[WhiteElo "2610"]
[BlackElo "2556"]
[EventDate "2023.12.29"]

1. e4 e5 2. Nf3 Nc6 3. Bb5 Nf6 4. d3 Bc5 5. Bxc6 dxc6 6. O-O Nd7 7. Be3 Qe7
8. Nbd2 f6 9. a3 a5 10. Nb3 Bd6 11. Nfd2 a4 12. Nc1 b5 13. Ne2 O-O 14. Kh1
Nc5 15. f4 exf4 16. Bxf4 Bd7 17. Qe1 Ne6 18. Bg3 c5 19. Nf3 Bc6 20. Nh4 g6
21. Qd2 Rad8 22. Qe3 Bxg3 23. Qxg3 c4 24. Nf5 Qd7 25. Rad1 Kh8 26. Nh6 Qg7
27. Ng4 cxd3 28. cxd3 Bb7 29. e5 fxe5 30. Nxe5 Rxf1+ 31. Rxf1 Rf8 32. Nf4
Nxf4 33. Rxf4 Kg8 34. d4 Rxf4 35. Qxf4 Qf8 36. Qxf8+ Kxf8 37. Kg1 Ke7 38.
Kf2 Ke6 39. g3 Kd5 40. Ke3 c5 41. Nf3 cxd4+ 42. Kd3 b4 43. Nxd4 Ba6+ 44.
Ke3 bxa3 45. bxa3 Kc4 46. g4 Bb7 47. g5 Bd5 48. h4 Kc3 49. Nb5+ Kb3 50. Kd4
Bc6 51. Nc3 Kxa3 52. Kc5 0-1

[Event "World Blitz 2023"]
[Site "Samarkand UZB"]
[Date "2023.12.30"]
[Round "20.14"]
[White "Grischuk, Alexander"]
[Black "Shimanov, Aleksandr"]
[Result "1-0"]
[WhiteElo "2699"]
[BlackElo "2611"]
[EventDate "2023.12.29"]

1. d4 Nf6 2. Bf4 d6 3. Nc3 Nbd7 4. Nf3 Nh5 5. Bd2 e5 6. e4 Nhf6 7. h3 Be7
8. g4 O-O 9. Be3 c6 10. g5 Ne8 11. a4 Nc7 12. h4 Ne6 13. Qd2 exd4 14. Nxd4
Nxd4 15. Bxd4 Nc5 16. O-O-O Qa5 17. Kb1 Re8 18. Rg1 Be6 19. h5 Nxa4 20.
Nxa4 Qxa4 21. b3 Qa3 22. f4 d5 23. f5 Bd7 24. g6 fxg6 25. hxg6 h6 26. f6
Bxf6 27. Bxf6 Rxe4 28. Bd3 Re6 29. Bb2 Qe7 30. Rdf1 Be8 31. Qc1 a5 32. Re1
a4 33. Rxe6 Qxe6 34. bxa4 Rxa4 35. Re1 Qd7 36. Qe3 Ra8 37. Qe5 c5 38. Bf5
1-0

[Event "World Blitz 2023"]
[Site "Samarkand UZB"]
[Date "2023.12.30"]
[Round "20.15"]
[White "Maghsoodloo, Parham"]
[Black "Abdusattorov, Nodirbek"]
[Result "1-0"]
[WhiteElo "2660"]
[BlackElo "2694"]
[EventDate "2023.12.29"]

1. d4 d5 2. c4 e6 3. Nc3 c5 4. cxd5 exd5 5. Nf3 Nf6 6. Bg5 Be6 7. a3 Nbd7
8. dxc5 Nxc5 9. e3 a6 10. Nd4 Rc8 11. Bd3 Be7 12. O-O O-O 13. Rc1 Qb6 14.
Rc2 Rfd8 15. Nf5 Bxf5 16. Bxf5 Ne6 17. Bxf6 Bxf6 18. Nxd5 Rxc2 19. Nxf6+
gxf6 20. Qxc2 h6 21. h4 Kg7 22. b4 Qd6 23. Qe4 b5 24. Rc1 Nf8 25. Rc6 Qd1+
26. Kh2 Rd6 27. Rc7 Rd8 28. Ra7 Qd6+ 29. g3 h5 30. Kg2 Qb6 31. Qe7 Qc6+ 32.
e4 Qe8 1-0

[Event "World Blitz 2023"]
[Site "Samarkand UZB"]
[Date "2023.12.30"]
[Round "20.16"]
[White "Makarian, Rudik"]
[Black "Salem, A.R. Saleh"]
[Result "1-0"]
[WhiteElo "2540"]
[BlackElo "2668"]
[EventDate "2023.12.29"]

1. c4 g6 2. Nc3 Bg7 3. Nf3 Nf6 4. e4 d6 5. d4 O-O 6. Be2 e5 7. O-O Nc6 8.
d5 Ne7 9. b4 Nh5 10. a4 f5 11. a5 Nf4 12. Bxf4 exf4 13. Ra3 h6 14. exf5
Nxf5 15. Re1 g5 16. h3 Bd7 17. c5 Kh8 18. a6 bxa6 19. c6 Bc8 20. Qc2 h5 21.
Ne4 g4 22. hxg4 hxg4 23. Nh2 Nd4 24. Qd1 f3 25. gxf3 Qh4 26. fxg4 Be5 27.
Rg3 Rb8 28. Bf1 Rxb4 29. Rh3 Bxh2+ 30. Kxh2 Qxh3+ 31. Bxh3 Nf3+ 32. Kg3
Nxe1 33. Qxe1 Rb3+ 34. Kg2 Re8 35. Qa1+ Re5 36. f4 1-0

[Event "World Blitz 2023"]
[Site "Samarkand UZB"]
[Date "2023.12.30"]
[Round "20.17"]
[White "Idani, Pouya"]
[Black "Muradli, Mahammad"]
[Result "0-1"]
[WhiteElo "2574"]
[BlackElo "2551"]
[EventDate "2023.12.29"]

1. e4 c5 2. Nf3 d6 3. d4 cxd4 4. Nxd4 Nf6 5. Bd3 Nc6 6. Be3 Ng4 7. Nxc6
bxc6 8. Bd4 e5 9. Bc3 Be7 10. Nd2 O-O 11. h3 Nf6 12. O-O Be6 13. b3 Qc7 14.
Qe2 Nd7 15. Bb2 d5 16. Rfe1 f6 17. exd5 cxd5 18. c4 Nc5 19. Bc2 dxc4 20.
Nxc4 Bf7 21. Rad1 Rfe8 22. Ne3 Rad8 23. Rxd8 Rxd8 24. Rd1 g6 25. Rxd8+ Qxd8
26. Bc3 Ne6 27. Qd2 Nd4 28. Bd3 f5 29. Bc4 Bg5 30. Qd3 Kg7 31. Bxf7 Nf3+
32. gxf3 Qxd3 0-1